000 00429nam a2200169Ia 4500
003 LK-CoDNM
008 010623t xxu||||| |||| 00| 1 sin d
040 _aLK-CoDNM
_dLK-CoDNM
_eLK-CoDNM
041 _asin
080 _a294.3 THI
100 _aThilakawardena,Dharma Sri.
245 _aයුගයක සළකුණු
246 _aYugayaka Salakunu
260 _bSenarath
_aDikwella
300 _b131p., 21 cm
942 _cBK
999 _c140555
_d140555